000 01065nam a22003137a 4500
003 CHAP
005 20220329140018.0
008 971013s1981 r 00010 d
010 _a45518
011 _a46490
035 _a50631
040 _cCHAP
082 _a338.1
_bU3
110 _aUACH. Departamento de Industrias Agrícolas
_9115870
245 _aEstructura académica
260 _a(Chapingo, Méx.) :
_bDepartamento de Industrias Agrícolas,
_c(1981)
300 _a215 p.
590 _aBATCH-UPD
_b10
_c20130110
_lUCH01
_h1929
590 _aBATCH-UPD
_b10
_c20130410
_lUCH01
_h1253
590 _aBATCH-UPD
_b10
_c20130914
_lUCH01
_h1636
590 _aCONVERSION
_b10
_c20130109
_lUCH01
_h1325
650 1 4 _aAgricultura
_xEstudio y ensenanza.
_91474
650 1 4 _aIndustrias agrícolas.
_957925
901 _aBK
942 _cLIBRO
949 _a338.1 U3
_bBC
_cLIBRO
_d33724000346342
_eLIBRO
_fc.3
_h73217
_i50631
_si
949 _a338.1 U3
_bBC
_cLIBRO
_d33724000364105
_eLIBRO
_h56483
_i50631
_si
949 _a338.1 U3
_bBC
_cUACH
_d-113716
_eUACH
_fc.2
_h56484
_i50631
_si
999 _c45518
_d45518